Machine Tool Practices (Record no. 29299)

MARC details
000 -LEADER
fixed length control field 00385nam a22001697a 4500
003 - CONTROL NUMBER IDENTIFIER
control field OSt
005 - DATE AND TIME OF LATEST TRANSACTION
control field 20220204141209.0
008 - FIXED-LENGTH DATA ELEMENTS--GENERAL INFORMATION
fixed length control field 220204b |||||||| |||| 00| 0 eng d
020 ## - INTERNATIONAL STANDARD BOOK NUMBER
International Standard Book Number 9789332550032
040 ## - CATALOGING SOURCE
Transcribing agency H.U
082 ## - DEWEY DECIMAL CLASSIFICATION NUMBER
Classification number 621.902
100 ## - MAIN ENTRY--PERSONAL NAME
Personal name Machine
9 (RLIN) 29747
245 ## - TITLE STATEMENT
Title Machine Tool Practices
250 ## - EDITION STATEMENT
Edition statement 9th
260 ## - PUBLICATION, DISTRIBUTION, ETC.
Place of publication, distribution, etc. India
Name of publisher, distributor, etc. Pearson
Date of publication, distribution, etc. 2010
942 ## - ADDED ENTRY ELEMENTS (KOHA)
Source of classification or shelving scheme Dewey Decimal Classification
Koha item type Books like text book referance book
Suppress in OPAC No
Holdings
Withdrawn status Lost status Source of classification or shelving scheme Damaged status Not for loan Home library Current library Shelving location Date acquired Total Checkouts Full call number Barcode Date last seen Copy number Price effective from Koha item type
    Dewey Decimal Classification     IoT Library IoT Library General Stacks 02/04/2022   621.902/MAC/2010 IOTL0010671 02/04/2022 1 02/04/2022 Books like text book referance book
    Dewey Decimal Classification     IoT Library IoT Library General Stacks 02/04/2022   621.902/MAC/2010 IOTL0010672 02/04/2022 2 02/04/2022 Books like text book referance book
    Dewey Decimal Classification     IoT Library IoT Library General Stacks 02/04/2022   621.902/MAC/2010 IOTL0010673 02/04/2022 3 02/04/2022 Books like text book referance book
    Dewey Decimal Classification     IoT Library IoT Library General Stacks 02/04/2022   621.902/MAC/2010 IOTL0010674 02/04/2022 4 02/04/2022 Books like text book referance book